Fr. Conceicao Rodrigues College of Engineering

Make:Sensors-Projects and experiments to measure the world with arduino and Raspberry Pi (Record no. 32770)

MARC details
000 -LEADER
fixed length control field 00367nam a2200157Ia 4500
082 ## - DEWEY DECIMAL CLASSIFICATION NUMBER
Item number KAR
100 ## - MAIN ENTRY--PERSONAL NAME
Personal name karvinen/Tero
245 ## - TITLE STATEMENT
Title Make:Sensors-Projects and experiments to measure the world with arduino and Raspberry Pi
260 ## - PUBLICATION, DISTRIBUTION, ETC.
Name of publisher, distributor, etc. SPD
Date of publication, distribution, etc. 2014
366 ## - TRADE AVAILABILITY INFORMATION
Publishers's discount category 20
300 ## - PHYSICAL DESCRIPTION
Extent 377
546 ## - LANGUAGE NOTE
Language note ENGLISH
650 ## - SUBJECT ADDED ENTRY--TOPICAL TERM
Topical term or geographic name entry element sensors
654 ## - SUBJECT ADDED ENTRY--FACETED TOPICAL TERMS
Focus term sensors
942 ## - ADDED ENTRY ELEMENTS (KOHA)
Koha item type BOOK
Holdings
Withdrawn status Lost status Damaged status Not for loan Collection Home library Current library Date acquired Source of acquisition Cost, normal purchase price Inventory number Total Checkouts Full call number Barcode Date last seen Cost, replacement price Price effective from Koha item type
        CRC Fr. Agnel's C.Rodrigues College of Engineering Fr. Agnel's C.Rodrigues College of Engineering 17/03/2023 Shroff Publishers 620.00 4112 dt 20.01.2018   KAR 25093 17/03/2023 775.00   BOOK